Harry Potter od A do Z cz.5 - Statystyki

Ogólne statystyki
  • Ten quiz został rozwiązany 238 razy
  • Średni wynik to 16 z 23
Statystyki odpowiedzi
Podpowiedź Odpowiedź % Poprawnych
Więzienie dla czarodziejów (A) Azkaban
100%
Ogólna nazwa Czarnej Różdżki, Kamienia Wskrzeszenia i Peleryny Niewidki (I) Insygnia Śmierci
94%
Nazwisko dyrektorki, dla której ulubioną formą szlabanu było przepisywanie (U) Umbridge
91%
Główny antybohater ze świata Harry'ego Pottera (V) Voldemort
91%
Jedna z pozycji w Quidittchu. Na początku zajmował ją Oliver Wood, a następnie Ron Weasley (O) Obrońca
90%
Płaszcz zapewniający niewidzialność, który Harry za pośrednictwem Dumbledore'a odziedziczył po swoim ojcu (P) Peleryna Niewidka
90%
Obrzydliwe określnie czarodzieja lub czarownicy urodzonej w mugolskiej rodzinie(S) Szlama
90%
Imię Kruma, bułgarskiego gracza w Quidittcha, który zaprosił na Bal Bożonarodzeniowy Hermionę Granger(W) Wiktor
90%
Imię profesora Slughorne'a (H) Horacy
88%
Imię profesora Lupina (R) Remus
88%
Tak miał na imię kot Hermiony(K) Krzywołap
86%
Zaklęcie odpędzające dementorów (E) Expecto Patronum
84%
Ogólna nazwa dla trzech zaklęć: Cruciatus, Imperius , Avada Kedavra(Z) Zaklęcia Niewybaczalne
77%
Mała miejscowość w West Country, zamieszkiwana przez czarodziejów, w której urodził się Harry Potter (D) Dolina Godryka
75%
Nazwisko nauczyciela zaklęć (F) Flitwick
75%
Magiczne stworzenie ciągnące powozy Hogwartu. Mogła je zobaczyć tylko ta osoba, która była świadkiem czyjejś śmierci (T) Testral
69%
Stworzył Kamień Filozoficzny, jego nazwisko widnieje na karcie z wizerunkiem Dumbledore'a, którą można znaleźć w czekoladowej żabie (N) Nicolas Flamel
63%
Jeden z duchów Hogwartu, duch -rezydent Hufflepuffu (G) Gruby Mnich
57%
Uroczysta część uczty powitalnej rozpoczynającej nowy rok szkolny, podczas której Tiara Przydziału przydzielała pierwszoroczniaków do poszczególnych domów (C) Ceremonia Przydziału
56%
Autor Baśni, które Hermiona otrzymała w spadku po śmierci Dumbledore'a(B) Bard Beedle
33%
Imię matki Voldemorta (M) Meropa
31%
Wioska, w której mieszkali rodzice Voldemorta i ród Gaunta. Znajdował się tam również cmentarz, do którego przeniósł się Harry z labiryntu podczas udziału w Turnieju Trójmagicznym (L) Little Hangleton
19%
Tak nazywała się jedna z ofiar Bazyliszka, która oskarżyła Harry'ego, że podczas zajęć w Klubie Pojedynków, została przez niego poszczuta wężem (J) Justyn Finch Fletchley
7%
Nie znaleziono quizów pasujących do podanych kryteriów
Rozkład punktacji
Procent ludzi z każdym wynikiem
Percentyl według liczby udzielonych odpowiedzi
Twoja historia wyników
Nie rozwiązałeś tego quizu